|
|
|
|
| LEADER |
01007nam a2200265 4500 |
| 001 |
41274 |
| 003 |
BD-DhAAL |
| 008 |
230604t1971 njua 001 0 eng d |
| 020 |
|
|
|a 0130590142
|
| 040 |
|
|
|a DLC
|c DLC
|d ICU
|d DLC
|d BD-DhAAL
|
| 050 |
0 |
0 |
|a HB74.M3
|b A3
|
| 082 |
0 |
0 |
|a 330.0182
|
| 100 |
1 |
|
|a Aigner, Dennis J.
|9 54455
|
| 245 |
1 |
0 |
|a Basic econometrics /
|c Dennis J. Aigner.
|
| 260 |
|
|
|a Englewood Cliffs, N.J. :
|b Prentice-Hall,
|c c1971.
|
| 300 |
|
|
|a xv, 298 pages :
|b illustrations ;
|c 24 cm.
|
| 490 |
|
|
|a Prentice-Hall series in mathematical economics
|
| 500 |
|
|
|a Includes index.
|
| 541 |
|
|
|a Donated By Akbar Ali Khan
|e 41274
|
| 650 |
|
0 |
|a Econometrics.
|
| 830 |
|
|
|a Prentice-Hall series in mathematical economics
|9 54456
|
| 852 |
|
|
|a Ayesha Abed Library
|c Akbar Ali Khan Collection
|
| 942 |
|
|
|2 ddc
|c BK
|
| 999 |
|
|
|c 45844
|d 45844
|
| 952 |
|
|
|0 0
|1 0
|2 ddc
|4 0
|6 330_018200000000000_AIG
|7 1
|9 73732
|a BRACUL
|b BRACUL
|c AAKC
|d 2023-06-04
|e Donated By Akbar Ali Khan
|l 0
|o 330.0182 AIG
|p 3010041274
|r 2023-06-04
|t 1
|w 2023-06-04
|y BK
|